Statistics for Top 100 Football Players of the 5 Most Recent Years (2018)

Click here to take the quiz!

General Stats

  • This quiz has been taken 393 times
  • The average score is 60 of 100

Answer Stats

#20182017201620152014PointsPlayer% Correct
1221218Cristiano Ronaldo
100%
2312129Lionel Messi
100%
311353729Neymar
97%
4141534642Luis Suárez
95%
515201191065Sergio Agüero
92%
61612312373Luka Modric
90%
121711253732122Sergio Ramos
89%
22953338186Harry Kane
88%
7307753079Robert Lewandowski
88%
246020713201Zlatan Ibrahimović
87%
244851503319201Karim Benzema
86%
9163017112094Paul Pogba
86%
14841314140Kevin De Bruyne
85%
1138506168118Gareth Bale
84%
2129151228185Andrés Iniesta
82%
355226569262Mohamed Salah
82%
1022921351198Toni Kroos
81%
4948315Kylian Mbappé
80%
1361842874130Antoine Griezmann
80%
153923291855164David de Gea
79%
871035131681Eden Hazard
79%
387476524131274Thiago Silva
77%
56193669326Sadio Mané
77%
17401883170Manuel Neuer
76%
508358384493316Gerard Piqué
76%
202113475447182Edinson Cavani
76%
774137381Romelu Lukaku
75%
162038443035167David Silva
75%
73453190368Dele Alli
71%
3818194888274Marcelo
71%
303165244Thomas Müller
71%
275521827212Pierre-Emerick Aubameyang
69%
40261437279Paulo Dybala
68%
59475040339Marco Reus
68%
266016223472204Gianluigi Buffon
68%
906043406Wayne Rooney
68%
78961968385Jamie Vardy
66%
69129556365Raphaël Varane
65%
379967232654269Mesut Özil
65%
368868465112265Diego Costa
64%
285046392460219Sergio Busquets
64%
844455402Marc-André ter Stegen
64%
437989224295Arjen Robben
64%
887626405Franck Ribéry
64%
6349566671343Giorgio Chiellini
63%
433162886252295Raheem Sterling
63%
842376402Roberto Firmino
62%
323765923617247Thibaut Courtois
62%
31101716245N'Golo Kanté
62%
836332398Douglas Costa
60%
5770517539336Mats Hummels
60%
233463244034195Diego Godín
60%
349034144868254Gonzalo Higuaín
58%
48273542306Jan Oblak
57%
683625364Christian Eriksen
57%
55422853325Casemiro
57%
5840814076338Hugo Lloris
57%
6076452692340Leonardo Bonucci
56%
2925242846224Philippe Coutinho
56%
7166785567367Keylor Navas
55%
193291022174Alexis Sanchez
55%
764627376Dries Mertens
54%
181357342049173Ivan Rakitic
54%
45100433914297Ángel Di María
54%
825737397Vincent Kompany
54%
60364557340Jérôme Boateng
54%
4156219288Philipp Lahm
53%
4532334982297Mauro Icardi
53%
995761421Leroy Sané
52%
5494612344323David Alaba
52%
4748454364301Marco Verratti
52%
6426785881344Dani Alves
51%
671741361Carlos Tevez
51%
6288417042342Koke
50%
941097410Riyad Mahrez
49%
69544366365Edin Dzeko
48%
5028129184316Isco
48%
80676460393Joshua Kimmich
47%
885844405Lorenzo Insigne
46%
953573411Samuel Umtiti
43%
4270871915292James Rodríguez
42%
3266321533247Arturo Vidal
41%
79813964386Gabriel Jesus
41%
914163407Radamel Falcao
41%
982790420Dimitri Payet
40%
918024407Mario Götze
39%
71477147367Alvaro Morata
39%
847425402Bastian Schweinsteiger
37%
535185705558319Miralem Pjanic
37%
87339871404Mario Mandzukic
34%
652918350Yaya Touré
31%
754229374Andrea Pirlo
30%
6653845362353Blasie Matuidi
30%
916242407Marco Asensio
28%
81936336394Cesc Fàbregas
28%
744921373Xabi Alonso
27%
100749948423Nemanja Matic
25%
50622527316Javier Mascherano
24%
977838419Arda Turan
19%
9692577785412Henrikh Mkhitaryan
14%

Score Distribution

Percentile by Number Answered

Percent of People with Each Score

Your Score History

You have not taken this quiz